fundamentals of Crops Physiology (Record no. 3983)
[ view plain ]
| 000 -LEADER | |
|---|---|
| fixed length control field | 00389nam a22001457a 4500 |
| 008 - FIXED-LENGTH DATA ELEMENTS--GENERAL INFORMATION | |
| fixed length control field | 250626b |||||||| |||| 00| 0 eng d |
| 020 ## - INTERNATIONAL STANDARD BOOK NUMBER | |
| ISBN | 9789389996807 |
| 100 ## - MAIN ENTRY--AUTHOR | |
| Author | Singh Geetika |
| 245 ## - TITLE STATEMENT | |
| Title | fundamentals of Crops Physiology |
| 260 ## - PUBLICATION, DISTRIBUTION, ETC. (IMPRINT) | |
| Place of publication | Delhi, India |
| Name of publisher | Jaya publishing House |
| Date of publication | 2022 |
| 300 ## - COLLATION | |
| Pagination | 203p |
| 650 ## - TRACINGS | |
| Main Subject | Fields crops- Physiology |
| 942 ## - ADDED ENTRY ELEMENTS (KOHA) | |
| Item type | Books |
| 050 ## - LIBRARY OF CONGRESS CALL NUMBER | |
| Classification number | SB 185.5 |
| Item number | .S56 |
| Source of classification or shelving scheme | Not for loan | Permanent location | Current location | Date acquired | Accession No. | Full call number | Barcode. | Koha item type |
|---|---|---|---|---|---|---|---|---|
| Library of Congress Classification | Samuel Ogbemudia Main Library, University of Abuja | Samuel Ogbemudia Main Library, University of Abuja | 06/26/2025 | 2024/62092 | SB 185.5 .S56 | 2025-2690 | Books |